Reglamento de empleados y obreros del Servicio Municipal de Pompas Fúnebres de la Casa Provincial de Caridad
MARC
| LEADER | 00000nam a2200000Ia 4500 | ||
|---|---|---|---|
| 001 | 9215 | ||
| 008 | 160829s1941 xx 000 0 cat d | ||
| 080 | |a FU-2-14 | ||
| 110 | 1 | |a Barcelona (Catalunya). |b Servicio Municipal de Pompas Fúnebres |9 56275 | |
| 245 | |a Reglamento de empleados y obreros del Servicio Municipal de Pompas Fúnebres de la Casa Provincial de Caridad | ||
| 260 | |a Barcelona : |b (Casa de Caritat, Impremta - escola), |c 1941 | ||
| 300 | |a 43 p. ; |c 12 cm | ||
| 590 | |a Hi ha un duplicat: DUP-21-12. | ||
| 590 | |a Hi ha un exemplar a J-1480, exp. 8. | ||
| 610 | 1 | 0 | |a Barcelona (Catalunya). |b Servicio Municipal de Pompas Fúnebres |9 56275 |
| 610 | 1 | 0 | |a Barcelona (Catalunya). |b Servicio Municipal de Pompas Fúnebres |9 56278 |x Reglaments i procediment |
| 710 | |a Casa de Caritat (Barcelona, Catalunya) |9 52406 | ||
| 856 | 4 | |u https://media.diba.cat/diba/fitxers/arxiu/fulletons/bib_9215_baixa.pdf |y Accés lliure | |
| 856 | 4 | |u https://media.diba.cat/diba/fitxers/arxiu/fulletons/bib_9215_baixa.pdf |y Accés lliure | |
| 900 | |a bib_9215_baixa.pdf | ||
| 901 | |a Arxiu | ||
| 942 | |n 1 |2 udc | ||
| 952 | |0 0 |1 0 |4 0 |6 FU214 |7 1 |9 48285 |a Arxiu |b Arxiu |d 2016-12-01 |l 0 |o FU-2-14 |p 9215 |r 2016-12-01 00:00:00 |w 2016-12-01 |y ARXIU | ||
| 999 | |c 52091 |d 52091 | ||